00617 a2200169 4500001000700000020001800007040003200025245003300057260001600090300002500106362000900131490001900140520024100159650002400400650001200424650001100436127714 a9788573403718 cEscola Canadense de Niteroi10aO ratinho que adorava livros aSão Paulo bil.c0 x 20 x 0.1 cm0 a20040 aConte um conto aO ratinho Ponto de Interrogação adora ler os livros da livraria onde mora. Os seus amiguinhos, ao contrário, vivem roendo todas as páginas que encontram. Mas eles acabam descobrindo que ler pode ser mais útil do que imaginam! 4aLiteratura Infantil 4aLeitura 4aLivros